000 03095nam0a2200421 4500
001 RU\NLR\BIBL_A\011545993
005 20260408064105.0
010 _a978-5-86111-587-2
_9300
021 _aRU
_b2017-86188
_96158
035 _a(RuMoRGB)009450187
035 _a(NLR Aleph) 011545993
090 _a12219928
_c12219928
100 _a20171204d2017 |||y0rusy50 ca
101 0 _arus
_abak
_akaz
102 _aRU
105 _aa|||zzzz100zd
200 1 _aФилологические науки: взгляд молодого ученого
_eсборник материалов Международной научно-практической конференции, посвященной Году экологии в РФ и Году экологии и особо охраняемых природных территорий в РБ, 85-летию со дня рождения народного поэта Башкортостана Рами Гарипова, г. Стерлитамак, 28 апреля 2017 года
_fМинистерство образования и науки Российской Федерации, Стерлитамакский филиал Федерального государственного бюджетного образовательного учреждения высшего образования "Башкирский государственный университет"
_g[ответственный редактор - кандидат филологических наук, доцент А. Ф. Утяев]
210 _aСтерлитамак
_cСтерлитамакский филиал БашГУ
_d2017
215 _a423 с.
_cтабл.
_d20
300 _aТекст баш., каз., рус.
320 _aБиблиогр. в конце ст.
600 1 _aГарипов
_bР.Я.
_f1932 - 1977
_gРами Ягафарович
_jСъезды, совещания и т.п.
_92570261
_3RU\NLR\AUTH\661519959
606 1 _aФилология
_jСъезды, совещания и т.п.
_9921663
_3RU\NLR\AUTH\6619068
686 _aШ.я431(0)
_2rubbk
686 1 _aШ.я434
686 1 _aШ5(2=Баш)7-4Гарипов.я434
702 1 _aГарипов
_bР.
_f1932-1977
_gРами
_4570
702 1 _aУтяев
_bА. Ф.
_f1985-
_gАйнур Фанисович
_4340
711 1 2 _a"Филологические науки: взгляд молодого ученого", международная научно-практическая конференция
_eСтерлитамак
_f2017
_9582205
_3RU\NLR\AUTH\880459714
712 0 2 _4557
_aБашкирский государственный университет
_cУфа
_bСтерлитамакский филиал
_3RU\NLR\AUTH\8810039510
_9577956
852 _aNLR
_bОНЛ
_jБашк./3-5652
942 _cBOOK
980 _aNBR
980 _aNB